Modern Banking in India (Record no. 369725)

MARC details
000 -LEADER
fixed length control field 00352nam a22001457a 4500
005 - DATE AND TIME OF LATEST TRANSACTION
control field 20260107151554.0
008 - FIXED-LENGTH DATA ELEMENTS--GENERAL INFORMATION
fixed length control field 260107b |||||||| |||| 00| 0 eng d
020 ## - INTERNATIONAL STANDARD BOOK NUMBER
International Standard Book Number 978-81-946276-7-8
082 ## - DEWEY DECIMAL CLASSIFICATION NUMBER
Edition number 1st ed.
100 ## - MAIN ENTRY--PERSONAL NAME
Author Goyal Meena
245 ## - TITLE STATEMENT
Title Modern Banking in India
260 ## - PUBLICATION, DISTRIBUTION, ETC.
Place of publication, distribution, etc. Vidya Books
Name of publisher, distributor, etc. Aurangabad
300 ## - PHYSICAL DESCRIPTION
Extent 285
942 ## - ADDED ENTRY ELEMENTS (KOHA)
Koha item type Reference book
Holdings
Withdrawn status Lost status Source of classification or shelving scheme Damaged status Not for loan Home library Current library Date acquired Vendor Cost, normal purchase price Bill number Total Checkouts Barcode Date last seen Bill Date Koha item type Original Barcode
    Dewey Decimal Classification     Shri Siddhivinayak Mahila Mahavidyalaya Shri Siddhivinayak Mahila Mahavidyalaya 07/01/2026 Vidya Books 210.00 65057   SSMM-BK-33722 07/01/2026 15/12/2025 Reference book 010033722